Nghệ thuật thuần hóa chim Cu Gáy
Hướng dẫn cách chăm sóc và thuần hóa chim cu gáy
Đã lưu trong:
| 主要作者: | |
|---|---|
| 格式: | 图书 |
| 语言: | Undetermined |
| 出版: |
Hà Nội
Mỹ Thuật
2014
|
| 主题: | |
| 标签: |
添加标签
没有标签, 成为第一个标记此记录!
|
| Thư viện lưu trữ: | Trung tâm Học liệu Trường Đại học Cần Thơ |
|---|
| LEADER | 00641nam a2200205Ia 4500 | ||
|---|---|---|---|
| 001 | CTU_215648 | ||
| 008 | 210402s9999 xx 000 0 und d | ||
| 020 | |c 40000 | ||
| 082 | |a 636.68 | ||
| 082 | |b V308 | ||
| 100 | |a Việt Chương | ||
| 245 | 0 | |a Nghệ thuật thuần hóa chim Cu Gáy | |
| 245 | 0 | |c Việt Chương | |
| 260 | |a Hà Nội | ||
| 260 | |b Mỹ Thuật | ||
| 260 | |c 2014 | ||
| 520 | |a Hướng dẫn cách chăm sóc và thuần hóa chim cu gáy | ||
| 650 | |a Birds, ornamental,Nuôi chim kiểng | ||
| 904 | |i Nguyên | ||
| 980 | |a Trung tâm Học liệu Trường Đại học Cần Thơ | ||